[Event "Titled Tue 20th May Late"]
[Site "chess.com INT"]
[Date "2025.05.20"]
[Round "3"]
[White "Wang, Justin Zhide"]
[Black "Mizzi, Jack"]
[Result "1-0"]
[BlackTitle "CM"]
[WhiteElo "2007"]
[BlackElo "2086"]
[WhiteFideId "4312830"]
[BlackFideId "5602521"]
[EventDate "2025.05.20"]

1. e4 c6 2. d4 d5 3. e5 g6 4. h4 h5 5. Bd3 Nh6 6. c3 Bf5 7. Bxh6 Bxd3 8. Bxf8
Bxb1 9. Bxe7 Qxe7 10. Rxb1 c5 11. Nf3 Nc6 12. O-O O-O-O 13. Re1 f6 14. exf6 Qxf6
15. dxc5 d4 16. Qb3 Rhe8 17. cxd4 Nxd4 18. Nxd4 Qxd4 19. c6 bxc6 20. Rbd1 Rxe1+
21. Rxe1 Rf8 22. Qe6+ Kb8 23. Re3 Rf5 24. Qe8+ Kb7 25. Re7+ Kb6 26. Qb8+ Ka6 27.
Qb7+ Ka5 28. Qxa7+ Qxa7 29. Rxa7+ Kb6 30. Rg7 Rf4 31. g3 Rf6 32. b3 Kc5 33. Kg2
Kb4 34. f4 Ka3 35. Ra7+ Kb4 36. Kf3 Re6 37. Ra4+ Kc3 38. Re4 Rd6 39. Re3+ Kb4
40. f5 gxf5 41. Kf4 Rd5 42. Kg5 Ka3 43. Rf3 Kxa2 44. b4 Rd4 45. Rf4 Rxf4 46.
gxf4 Ka3 47. Kxf5 Kxb4 48. Kg6 c5 49. f5 c4 50. f6 c3 51. f7 Kb3 52. f8=Q c2 53.
Qf1 Kb2 54. Qb5+ Ka1 55. Qa4+ Kb1 56. Qxc2+ Kxc2 57. Kxh5 Kd3 58. Kg6 Ke4 59.
Kg7 Ke5 60. h5 1-0

[Event "Titled Tue 20th May Late"]
[Site "chess.com INT"]
[Date "2025.05.20"]
[Round "3"]
[White "Roberson, Peter T"]
[Black "Aliyev, Elnur"]
[Result "1-0"]
[WhiteTitle "IM"]
[BlackTitle "CM"]
[WhiteElo "2440"]
[BlackElo "2155"]
[WhiteFideId "412384"]
[BlackFideId "13402617"]
[EventDate "2025.05.20"]

1. d4 d5 2. Nf3 e6 3. c4 Ne7 4. g3 Nbc6 5. Bg2 a6 6. cxd5 exd5 7. O-O g6 8. Nc3
Bg7 9. Bf4 O-O 10. Rc1 h6 11. Re1 g5 12. Be5 f6 13. Bxc7 Qxc7 14. e4 Qd8 15.
exd5 Nxd5 16. Nxd5 Qxd5 17. Ne5 Qxa2 18. Nc4 Bf5 19. Bd5+ Kh8 20. Ne3 Qa5 21.
Rc5 Qxc5 22. dxc5 Bg6 23. Qb3 Rab8 24. Nc4 f5 25. Nd6 Nd4 26. Qd3 f4 27. Qxg6
fxg3 28. hxg3 Nf3+ 29. Bxf3 Rxf3 30. Re8+ Rxe8 31. Qxe8+ Rf8 32. Qe6 Kh7 33.
Qe4+ Kh8 34. Qxb7 Bd4 35. Nf7+ Kg8 36. Nxh6+ Kh8 37. Ng4 Bg7 38. c6 Re8 39. c7
Re1+ 40. Kg2 Rc1 41. c8=Q+ Rxc8 42. Qxc8+ Kh7 43. Qf5+ Kg8 44. Qg6 a5 45. Nh6+
Kf8 46. Qf7# 1-0

[Event "Titled Tue 20th May Late"]
[Site "chess.com INT"]
[Date "2025.05.20"]
[Round "3"]
[White "Reprintsev, Alexander"]
[Black "Barseghyan, Armen Ar."]
[Result "0-1"]
[WhiteTitle "IM"]
[BlackTitle "IM"]
[WhiteElo "2256"]
[BlackElo "2348"]
[WhiteFideId "14100541"]
[BlackFideId "13306707"]
[EventDate "2025.05.20"]

1. e4 c5 2. Nc3 Nc6 3. f4 g6 4. Nf3 Bg7 5. a3 e6 6. b4 Nge7 7. bxc5 Qa5 8. Rb1
Qxc5 9. Rb5 Qd6 10. e5 Qc7 11. Ne4 O-O 12. Bd3 Nf5 13. Bb2 d6 14. g4 dxe5 15.
gxf5 exf5 16. Neg5 e4 17. Bxg7 Kxg7 18. Qa1+ f6 19. Nd4 Nxd4 20. Qxd4 exd3 21.
Rc5 Qe7+ 22. Kd1 Rd8 23. Qc3 dxc2+ 24. Kxc2 b6 25. Rc6 Bd7 26. Re1 Qf8 27. Nxh7
Kxh7 28. Rxf6 Qg7 29. Qh3+ Kg8 30. Rd6 Rac8+ 31. Kb3 Ba4+ 32. Kxa4 Rxd6 0-1

[Event "Titled Tue 20th May Late"]
[Site "chess.com INT"]
[Date "2025.05.20"]
[Round "3"]
[White "Shoboev, Dandar"]
[Black "Aranda, Juan Manuel"]
[Result "1-0"]
[WhiteTitle "FM"]
[BlackTitle "CM"]
[WhiteElo "2252"]
[BlackElo "2134"]
[WhiteFideId "44197012"]
[BlackFideId "160458"]
[EventDate "2025.05.20"]

1. e4 d6 2. d4 g6 3. Nc3 Bg7 4. f4 a6 5. Nf3 b5 6. e5 Bb7 7. Bd3 Nh6 8. Be4 d5
9. Bd3 c5 10. dxc5 Nd7 11. Be3 Qc7 12. b4 Ng4 13. Bd4 a5 14. Nxb5 Qb8 15. e6
fxe6 16. Bxg7 Rg8 17. Bd4 Qxf4 18. O-O e5 19. h3 Ne3 20. Nc7+ Kd8 21. Ne6+ Kc8
22. Nxf4 Nxd1 23. Raxd1 exd4 24. Nxd4 e5 25. c6 exd4 26. cxb7+ Kxb7 27. Nxd5
axb4 28. Bb5 Ne5 29. Rde1 Ra5 30. Rxe5 Rxb5 31. Rf7+ Kb8 32. Ne7 Rxe5 33. Nc6+
Kc8 34. Nxe5 Re8 35. Nc6 Re2 36. Nxd4 Rd2 37. Nc6 Rxc2 38. Nxb4 Rb2 39. a3 Rb3
40. Rxh7 Rxa3 41. Rg7 Rb3 42. Nd5 Rb5 43. Ne7+ Kd7 44. Nxg6+ Ke6 45. Nf4+ Kf5
46. Rf7+ Ke4 47. Kh2 Rb3 48. Ne2 Ke5 49. Rf5+ Ke6 50. Nd4+ 1-0

[Event "Titled Tue 20th May Late"]
[Site "chess.com INT"]
[Date "2025.05.20"]
[Round "3"]
[White "Van Dael, Siem"]
[Black "Tkachenko, Erik"]
[Result "1-0"]
[WhiteTitle "FM"]
[WhiteElo "2258"]
[BlackElo "2028"]
[WhiteFideId "1049771"]
[BlackFideId "30902967"]
[EventDate "2025.05.20"]

1. Nc3 c5 2. Nf3 d5 3. e4 dxe4 4. Nxe4 e6 5. Bb5+ Bd7 6. Qe2 Nf6 7. d4 Qa5+ 8.
Nc3 cxd4 9. Nxd4 Bb4 10. Bd2 Qc7 11. O-O O-O 12. Bd3 a6 13. Ne4 Bxd2 14. Nxf6+
gxf6 15. Qxd2 Kg7 16. Rfe1 Nc6 17. Re3 Rh8 18. Rg3+ Kf8 19. Qh6+ Ke7 20. Rf3 Qe5
21. Nf5+ exf5 22. Re3 Rae8 23. Rxe5+ fxe5 24. f3 Kd8 25. a3 Kc7 26. b4 e4 27.
fxe4 fxe4 28. Be2 f5 29. c4 Kb8 30. b5 axb5 31. cxb5 Nd4 32. Bh5 Re6 33. Qg7 Rc8
34. Qxd4 Bxb5 35. a4 Bc6 36. Be2 Rg6 37. a5 e3 38. g3 1-0

[Event "Titled Tue 20th May Late"]
[Site "chess.com INT"]
[Date "2025.05.20"]
[Round "3"]
[White "Arakhamia-Grant, Ketevan"]
[Black "Moosavifar, Seyed Abolfazl"]
[Result "0-1"]
[WhiteTitle "GM"]
[BlackTitle "FM"]
[WhiteElo "2262"]
[BlackElo "2303"]
[WhiteFideId "13600168"]
[BlackFideId "42548195"]
[EventDate "2025.05.20"]

1. e4 e6 2. d4 d5 3. Nc3 Bb4 4. e5 c5 5. a3 Bxc3+ 6. bxc3 Nc6 7. Nf3 f6 8. Bb5
cxd4 9. Nxd4 Bd7 10. O-O Nxd4 11. Bxd7+ Qxd7 12. cxd4 f5 13. a4 Rc8 14. Ba3 Ne7
15. Qh5+ Ng6 16. Qg5 Kf7 17. h4 Qd8 18. Rab1 Rc7 19. Bd6 Rd7 20. g3 Qxg5 21.
hxg5 Rc8 22. Rb2 b6 23. a5 bxa5 24. Ra1 Nh8 25. Rxa5 Ke8 26. Rba2 Nf7 27. Rxa7
Nxd6 28. exd6 Rxa7 29. Ra6 Rxa6 0-1

[Event "Titled Tue 20th May Late"]
[Site "chess.com INT"]
[Date "2025.05.20"]
[Round "3"]
[White "Degenbaev, Aziz"]
[Black "Zlatin, Alexander"]
[Result "0-1"]
[WhiteTitle "FM"]
[BlackTitle "FM"]
[WhiteElo "2279"]
[BlackElo "2306"]
[WhiteFideId "13802640"]
[BlackFideId "2810549"]
[EventDate "2025.05.20"]

1. c4 Nf6 2. Nc3 d5 3. d4 c6 4. cxd5 cxd5 5. Bf4 Nc6 6. e3 Bf5 7. Rc1 e6 8. Qb3
Qb6 9. Bb5 Nh5 10. Be5 f6 11. Bg3 Nxg3 12. hxg3 a6 13. Bxc6+ Qxc6 14. Nf3 Bd6
15. O-O Rc8 16. Ne4 Qxc1 17. Nxd6+ Kd7 18. Nxf5 Qc6 19. Nxg7 h5 20. e4 dxe4 21.
Nh4 Rhg8 22. Nxh5 Ke7 23. Nf4 Rg5 24. Re1 Rb5 25. Qa3+ Qd6 26. Nhg6+ Kd7 27.
Qxd6+ Kxd6 28. Rxe4 e5 29. dxe5+ fxe5 30. Nd3 Kd5 31. Rxe5+ Kd4 32. Re3 Rh5 33.
Ngf4 Rh6 34. Re7 b5 0-1

[Event "Titled Tue 20th May Late"]
[Site "chess.com INT"]
[Date "2025.05.20"]
[Round "3"]
[White "Daspres, Loic"]
[Black "Gimeno Martos, Roberto"]
[Result "1-0"]
[WhiteTitle "CM"]
[BlackTitle "CM"]
[WhiteElo "2207"]
[BlackElo "2090"]
[WhiteFideId "20612281"]
[BlackFideId "2226804"]
[EventDate "2025.05.20"]

1. e4 g6 2. d4 Bg7 3. Nc3 c5 4. dxc5 Nc6 5. Nf3 Qa5 6. Bd2 Qxc5 7. Be2 e6 8. O-O
a6 9. Bf4 Nd4 10. Re1 Ne7 11. Kh1 O-O 12. Na4 Qa7 13. Be3 Nec6 14. c3 b5 15.
cxd4 bxa4 16. d5 Qc7 17. dxc6 dxc6 18. Qc2 Bb7 19. Bd4 e5 20. Bc5 Rfd8 21. Bc4
h6 22. Rad1 Kh7 23. Qxa4 a5 24. h3 Rab8 25. Rxd8 Qxd8 26. Rd1 Qf6 27. Qxa5 Bc8
28. Qc7 Ra8 29. Qxf7 Qxf7 30. Bxf7 Ba6 31. Rd6 Be2 32. Bxg6+ Kh8 33. Bf7 Rf8 34.
Rd7 Rb8 35. b4 Bb5 36. Nh4 Ra8 37. Nf5 Bf6 38. Bg6 1-0

[Event "Titled Tue 20th May Late"]
[Site "chess.com INT"]
[Date "2025.05.20"]
[Round "3"]
[White "Khodabandeh, Milad"]
[Black "Nita, Lucian"]
[Result "0-1"]
[WhiteTitle "CM"]
[WhiteElo "1957"]
[BlackElo "2143"]
[WhiteFideId "12538620"]
[BlackFideId "1206923"]
[EventDate "2025.05.20"]

1. e4 d6 2. d4 Nf6 3. Nc3 e5 4. dxe5 dxe5 5. Qxd8+ Kxd8 6. Bc4 Ke8 7. f3 c6 8.
Be3 Nbd7 9. O-O-O Bc5 10. Bxc5 Nxc5 11. a4 Be6 12. Bxe6 Nxe6 13. Nge2 Ke7 14.
Rd2 Rhd8 15. Rhd1 Rxd2 16. Rxd2 h5 17. Nd1 h4 18. Ne3 g6 19. c3 Nc5 20. Kc2 Nxa4
21. b4 Nb6 22. Kb3 a5 23. bxa5 Rxa5 24. c4 Nfd7 25. Nc3 Ra1 26. g4 Nc5+ 27. Kb4
Ne6 28. c5 Nd7 29. Nc4 f6 30. Na4 Rb1+ 31. Rb2 Rxb2+ 32. Ncxb2 Nd4 33. Nc4 Nxf3
34. h3 Ng1 35. Nab2 Nxh3 36. Nd3 Ng5 37. Nd2 h3 38. Nf2 Ke6 39. Nf1 Nb8 40. Ka5
Nd7 41. Kb4 f5 42. exf5+ gxf5 43. Ng3 f4 44. Nge4 Nxe4 45. Nxe4 h2 46. Nf2 e4
47. Kc3 e3 48. Nh1 Nxc5 49. Kc2 Ke5 50. Kd1 b5 51. Ke2 Ke4 52. g5 Kf5 53. g6
Kxg6 54. Kf3 Kf5 55. Kg2 e2 56. Kf2 f3 0-1

[Event "Titled Tue 20th May Late"]
[Site "chess.com INT"]
[Date "2025.05.20"]
[Round "3"]
[White "Kushko, Dmitriy"]
[Black "Naroditsky, Daniel"]
[Result "0-1"]
[WhiteTitle "IM"]
[BlackTitle "GM"]
[WhiteElo "2454"]
[BlackElo "2619"]
[WhiteFideId "14162261"]
[BlackFideId "2026961"]
[EventDate "2025.05.20"]

1. g3 e5 2. c4 c6 3. Nf3 e4 4. Nd4 d5 5. cxd5 Qxd5 6. Nc2 Nf6 7. Nc3 Qe5 8. Bg2
Bc5 9. Ne3 O-O 10. Qc2 Re8 11. Ncd5 cxd5 12. Qxc5 Na6 13. Qa3 d4 14. Nc4 Qh5 15.
Nd6 d3 16. O-O dxe2 17. Re1 Bg4 18. Nxe8 Rxe8 19. d3 Bf3 20. dxe4 Bxe4 21. Bxe4
Rxe4 22. f3 Re6 23. Qd3 Re7 24. Rxe2 Rd7 25. Re8+ Nxe8 26. Qxd7 Qc5+ 27. Kg2 Qe5
28. Bf4 Qe2+ 29. Kh3 Nc5 30. Qc8 Nd3 31. Qf5 Nf2+ 32. Kh4 Qe7+ 33. Bg5 f6 34.
Qd5+ Kh8 35. Bd2 g5+ 36. Kh5 Ng7+ 37. Kh6 Qf8 38. Bb4 Nf5+ 39. Kh5 Qh6# 0-1

[Event "Titled Tue 20th May Late"]
[Site "chess.com INT"]
[Date "2025.05.20"]
[Round "3"]
[White "Habans Aguerrea, Javier"]
[Black "Yilmaz, Mustafa"]
[Result "1-0"]
[WhiteTitle "IM"]
[BlackTitle "GM"]
[WhiteElo "2448"]
[BlackElo "2586"]
[WhiteFideId "24524689"]
[BlackFideId "6302718"]
[EventDate "2025.05.20"]

1. d4 Nf6 2. Bg5 e6 3. e4 h6 4. Bxf6 Qxf6 5. c3 d6 6. Bd3 Nd7 7. Ne2 b6 8. O-O
Bb7 9. Nd2 Qe7 10. f4 g6 11. Qe1 Bg7 12. Qg3 Nf6 13. e5 Nd5 14. Ne4 O-O-O 15. a4
f5 16. exf6 Nxf6 17. Nxf6 Bxf6 18. a5 Bc6 19. axb6 axb6 20. Ra7 Kd7 21. d5 Bxd5
22. Bb5+ Bc6 23. Qd3 d5 24. Bxc6+ Kxc6 25. Nd4+ Bxd4+ 26. cxd4 Rc8 27. Qxg6 Kd7
28. f5 Rhg8 29. fxe6+ Kd6 30. Qxh6 Qg5 31. Qh3 Qg4 32. Qa3+ Kxe6 33. Qe3+ 1-0

[Event "Titled Tue 20th May Late"]
[Site "chess.com INT"]
[Date "2025.05.20"]
[Round "3"]
[White "Amburgy, Ryan"]
[Black "Kosakowski, Jakub"]
[Result "0-1"]
[WhiteTitle "FM"]
[BlackTitle "GM"]
[WhiteElo "2309"]
[BlackElo "2530"]
[WhiteFideId "30924820"]
[BlackFideId "1185080"]
[EventDate "2025.05.20"]

1. d4 Nf6 2. c4 e6 3. Nf3 d5 4. Nc3 Bb4 5. Qb3 c5 6. Bg5 Nc6 7. e3 Na5 8. Qc2
Nxc4 9. Bxc4 dxc4 10. dxc5 Bxc5 11. Qa4+ Bd7 12. Qxc4 Rc8 13. Qb3 Bc6 14. O-O h6
15. Bh4 O-O 16. Ne5 Be7 17. Nxc6 bxc6 18. Rfd1 Qa5 19. Qc4 Rb8 20. Qxc6 Rfc8 21.
Qf3 Rxb2 22. Ne4 Nxe4 23. Bxe7 Nxf2 24. Rf1 Rcc2 25. Rac1 Rxc1 26. Rxc1 Nd3 27.
Rd1 Ne5 28. Qa8+ Kh7 29. Qe4+ f5 30. Qf4 Ng6 31. Qg3 Nxe7 32. h4 Qxa2 33. Rd7
Qa3 34. h5 Qc5 0-1

[Event "Titled Tue 20th May Late"]
[Site "chess.com INT"]
[Date "2025.05.20"]
[Round "3"]
[White "Piddubna, Bozhena"]
[Black "Fernandes, Rogerio Paulo Muller"]
[Result "1-0"]
[WhiteTitle "WFM"]
[WhiteElo "2174"]
[BlackElo "2241"]
[WhiteFideId "34109293"]
[BlackFideId "2101599"]
[EventDate "2025.05.20"]

1. d4 Nf6 2. c4 c5 3. d5 b5 4. cxb5 a6 5. bxa6 Bxa6 6. Nc3 d6 7. e4 Bxf1 8. Kxf1
g6 9. g3 Bg7 10. Nf3 O-O 11. Kg2 Nbd7 12. a4 Ra6 13. Re1 Qa8 14. Kg1 e6 15. e5
Nxd5 16. Nxd5 exd5 17. exd6 Rxd6 18. Bf4 Ra6 19. Re7 Nf6 20. Rc1 Rxa4 21. Rxc5
Ra1 22. Rc1 Rxc1 23. Qxc1 Ne4 24. Be5 Bxe5 25. Rxe5 Qa7 26. Qc2 Qa5 27. Kg2 Nf6
28. Qc6 Kg7 29. h4 Qa2 30. Qc3 Rb8 31. Re2 Qb3 32. Qd4 Qb6 33. Qf4 1-0

[Event "Titled Tue 20th May Late"]
[Site "chess.com INT"]
[Date "2025.05.20"]
[Round "3"]
[White "Cramling Bellon, Anna"]
[Black "Zilberstein, Dmitry"]
[Result "0-1"]
[WhiteTitle "WFM"]
[BlackTitle "IM"]
[WhiteElo "2046"]
[BlackElo "2358"]
[WhiteFideId "32009232"]
[BlackFideId "2010739"]
[EventDate "2025.05.20"]

1. d4 d6 2. c4 e5 3. e3 Nc6 4. Nf3 Nf6 5. Nc3 Be7 6. d5 Nb8 7. Be2 O-O 8. O-O c6
9. e4 Na6 10. h3 Nc5 11. Qc2 a5 12. Be3 Nfd7 13. Rfd1 g6 14. dxc6 bxc6 15. a3 a4
16. Bxc5 Nxc5 17. Nxe5 Qc7 18. Ng4 h5 19. Ne3 Rb8 20. Rab1 Qa7 21. Na2 Be6 22.
Nb4 Rfc8 23. Kh1 Qb6 24. f4 Nb3 25. f5 Qxe3 26. fxe6 Nd4 27. exf7+ Kxf7 28. Rxd4
Qxd4 29. Rf1+ Kg7 30. Bd3 Qe5 31. Qe2 Bf6 32. Bb1 Qxb2 33. Qf3 Qe5 34. Nd3 Qd4
35. Nf4 Re8 36. c5 Rb3 37. Qf2 Qxf2 38. Rxf2 Rxb1+ 0-1

[Event "Titled Tue 20th May Late"]
[Site "chess.com INT"]
[Date "2025.05.20"]
[Round "3"]
[White "Norowitz, Yaacov"]
[Black "Hoeffer, David"]
[Result "0-1"]
[WhiteTitle "IM"]
[BlackTitle "FM"]
[WhiteElo "2400"]
[BlackElo "2295"]
[WhiteFideId "2024799"]
[BlackFideId "24606766"]
[EventDate "2025.05.20"]

1. d4 d5 2. Nf3 Nc6 3. c3 Bf5 4. Qb3 Rb8 5. Bf4 e6 6. e3 Nf6 7. Be2 Ne4 8. Nbd2
g5 9. Be5 f6 10. Bg3 h5 11. h3 Nxg3 12. fxg3 Bd6 13. Kf2 h4 14. g4 Bg3+ 15. Kg1
Bg6 16. e4 Qd6 17. exd5 exd5 18. Nf1 Kf8 19. Nxg3 hxg3 20. Bb5 Kg7 21. h4 Qf4
22. Re1 Rbe8 23. Qd1 Rxe1+ 24. Qxe1 Re8 25. Qd2 Re3 26. Qd1 Be4 27. hxg5 Bxf3
28. gxf6+ Kxf6 29. gxf3 Rxf3 30. Qe1 Ne7 31. Bd7 Re3 32. Qf1 Qxf1+ 33. Kxf1 Kg5
34. Kg2 Ng6 35. Rh5+ Kf6 36. Rf5+ Ke7 37. Bc8 Nh4+ 38. Kh3 Nxf5 39. gxf5 Kf6 40.
Bxb7 Kxf5 41. Bxd5 Kf4 42. c4 Re2 43. b4 Rh2# 0-1

[Event "Titled Tue 20th May Late"]
[Site "chess.com INT"]
[Date "2025.05.20"]
[Round "3"]
[White "Albertini, Luca"]
[Black "Gelman, Alexander"]
[Result "0-1"]
[BlackTitle "IM"]
[WhiteElo "2139"]
[BlackElo "2403"]
[WhiteFideId "847038"]
[BlackFideId "4118316"]
[EventDate "2025.05.20"]

1. e4 e5 2. Nf3 d6 3. d4 exd4 4. Nxd4 Nf6 5. Nc3 Be7 6. Be2 O-O 7. O-O Re8 8. f3
Bf8 9. Kh1 c6 10. Bf4 Nbd7 11. Nf5 Ne5 12. g4 d5 13. Bg5 h6 14. Bxf6 Qxf6 15. f4
Ng6 16. e5 Qd8 17. Ng3 Qh4 18. Qd2 Bxg4 19. Bxg4 Qxg4 20. Rae1 Rad8 21. Nce2 Nh4
22. Ng1 Bc5 23. Qe2 Qxe2 24. Rxe2 d4 25. Nf3 Nxf3 26. Rxf3 Bf8 27. Kg2 c5 28.
Ne4 b6 29. Rg3 Kh7 30. Kf3 Be7 31. Rg4 d3 32. cxd3 Rxd3+ 33. Re3 Red8 34. Rg2 c4
35. Re2 b5 36. h3 a5 37. Rxd3 Rxd3+ 38. Re3 Rd1 39. Re2 a4 40. Rd2 Rxd2 41. Nxd2
g5 42. f5 Bc5 43. Ke4 h5 44. Nf3 g4 45. hxg4 hxg4 46. Ng5+ Kg7 47. Kf4 Bd4 48.
f6+ Kg6 49. Kxg4 Bxe5 50. Ne4 Bxb2 51. Kf3 c3 52. Nf2 c2 53. Nd3 c1=Q 54. Nxc1
Bxc1 0-1

[Event "Titled Tue 20th May Late"]
[Site "chess.com INT"]
[Date "2025.05.20"]
[Round "3"]
[White "Logozar, Elijah"]
[Black "Hungaski, Robert"]
[Result "1-0"]
[BlackTitle "GM"]
[WhiteElo "1945"]
[BlackElo "2477"]
[WhiteFideId "30963788"]
[BlackFideId "2021030"]
[EventDate "2025.05.20"]

1. e4 e6 2. d4 d5 3. Nc3 Bb4 4. e5 c5 5. a3 Bxc3+ 6. bxc3 Nc6 7. Qg4 g6 8. Nf3
Qa5 9. Bd2 c4 10. h4 h6 11. Be2 Bd7 12. O-O O-O-O 13. Rfb1 Kb8 14. a4 Rf8 15.
Rb5 Qd8 16. Rab1 Bc8 17. Bc1 Ka8 18. Ba3 Nge7 19. a5 a6 20. Rb6 Rh7 21. Qf4 Rg8
22. Qc1 g5 23. h5 g4 24. Nh2 g3 25. fxg3 Na7 26. Ng4 Rxg4 27. Bxg4 Nec6 28. Bd6
Nxa5 29. Rxa6 Nc6 30. Ra4 f5 31. Bf3 Qg5 32. Qa3 b5 33. Rxb5 Qxg3 34. Rb1 Rg7
35. Rxa7+ Rxa7 36. Qc5 Bb7 37. Qxc6 Ra1 38. Qxb7# 1-0

[Event "Titled Tue 20th May Late"]
[Site "chess.com INT"]
[Date "2025.05.20"]
[Round "3"]
[White "Kravtsiv, Martyn"]
[Black "Cori Quispe, Kevin Joel"]
[Result "1-0"]
[WhiteTitle "GM"]
[BlackTitle "GM"]
[WhiteElo "2598"]
[BlackElo "2464"]
[WhiteFideId "14113147"]
[BlackFideId "3814017"]
[EventDate "2025.05.20"]

1. e4 g6 2. d4 Bg7 3. Nc3 d6 4. f4 a6 5. Nf3 b5 6. Bd3 Bb7 7. a4 b4 8. Ne2 c5 9.
c3 Nf6 10. Ng3 O-O 11. O-O e6 12. cxb4 cxd4 13. Qe2 Ng4 14. f5 Ne5 15. Nxe5 dxe5
16. Qg4 exf5 17. exf5 h5 18. Qe2 Qb6 19. a5 Qd6 20. Bg5 Nd7 21. Ne4 Qxb4 22.
Rac1 Rac8 23. Rxc8 Rxc8 24. b3 Bd5 25. fxg6 fxg6 26. h3 Qxb3 27. Nd2 Qa2 28.
Bxg6 Nf8 29. Bf5 Be6 30. Bd3 Rc3 31. Qe4 Qd5 32. Qe2 e4 33. Nxe4 Qxa5 34. Nf6+
Bxf6 35. Bxf6 1-0

[Event "Titled Tue 20th May Late"]
[Site "chess.com INT"]
[Date "2025.05.20"]
[Round "3"]
[White "Luong Phuong Hanh"]
[Black "Cernov, Henrik"]
[Result "1-0"]
[WhiteTitle "WIM"]
[BlackTitle "FM"]
[WhiteElo "2144"]
[BlackElo "2325"]
[WhiteFideId "12401013"]
[BlackFideId "16258312"]
[EventDate "2025.05.20"]

1. d4 Nf6 2. Nf3 e6 3. e3 b6 4. Bd3 c5 5. O-O cxd4 6. exd4 g6 7. c4 Bg7 8. d5
O-O 9. Nc3 Na6 10. Bg5 Nc5 11. Bc2 h6 12. Bh4 g5 13. Bg3 exd5 14. cxd5 a5 15.
Nd4 Ba6 16. Re1 Re8 17. Nf5 Rxe1+ 18. Qxe1 Bf8 19. d6 Ne6 20. Be5 Bb7 21. Qe2
Rc8 22. h4 Rc5 23. Na4 Rc6 24. Qd3 Nc5 25. Nxc5 Rxc5 26. Re1 Qe8 27. Bc3 Qd8 28.
Bxf6 Rxc2 29. Bxd8 Rc5 30. Ne7+ Kg7 31. Nf5+ Kg8 32. hxg5 hxg5 33. Bxg5 Rd5 34.
Qg3 Bxd6 35. Bf4+ Kh8 36. Nxd6 Kh7 37. Qh3+ Kg6 38. Qh6# 1-0

[Event "Titled Tue 20th May Late"]
[Site "chess.com INT"]
[Date "2025.05.20"]
[Round "3"]
[White "Sitbon, Itay"]
[Black "Sheehan, Ethan"]
[Result "0-1"]
[WhiteElo "2192"]
[BlackElo "2380"]
[WhiteFideId "2820706"]
[BlackFideId "30943965"]
[EventDate "2025.05.20"]

1. e4 e5 2. Nc3 Nc6 3. Bc4 Nf6 4. d3 Bb4 5. Ne2 d5 6. exd5 Nxd5 7. O-O Be6 8.
Nxd5 Bxd5 9. Bxd5 Qxd5 10. c3 Bc5 11. Be3 O-O-O 12. Bxc5 Qxc5 13. Ng3 g6 14. Qe2
f5 15. Rad1 h5 16. Rfe1 h4 17. Nf1 h3 18. g3 Kb8 19. a3 g5 20. Ne3 Rhf8 21. Rd2
a6 22. Red1 Rd7 23. Nc2 f4 24. Qe4 Rdf7 25. g4 f3 26. Ne3 Rf4 27. Qh7 Qd6 28.
Qxh3 Qg6 29. Qh5 Qxh5 30. gxh5 Rh8 31. d4 exd4 32. cxd4 Rxh5 33. d5 Ne5 34. d6
cxd6 35. Rxd6 Rfh4 36. Nf1 Nc4 37. Rd8+ Ka7 38. R8d7 Rh7 39. a4 Nxb2 40. Rxh7
Rxh7 41. Rd4 Rc7 42. Rg4 Rc5 43. Nd2 Rc1+ 44. Nf1 Nc4 45. h3 Nd2 46. Rxg5 Rxf1+
47. Kh2 Rxf2+ 48. Kg3 Rg2+ 49. Kf4 Rxg5 0-1

[Event "Titled Tue 20th May Late"]
[Site "chess.com INT"]
[Date "2025.05.20"]
[Round "3"]
[White "Abraham, John Z"]
[Black "Azizoglu, Ferzan"]
[Result "0-1"]
[WhiteElo "2100"]
[BlackElo "2055"]
[WhiteFideId "30987318"]
[BlackFideId "6302726"]
[EventDate "2025.05.20"]

1. d4 Nf6 2. c4 g6 3. g3 Bg7 4. Nc3 O-O 5. Bg2 d6 6. Nf3 Nc6 7. O-O Bf5 8. Re1
Ne4 9. Nxe4 Bxe4 10. e3 e5 11. d5 Ne7 12. Qb3 b6 13. Nd2 Bxg2 14. Kxg2 f5 15. e4
f4 16. a4 a5 17. Nf3 h6 18. h4 Qd7 19. Bd2 Rf7 20. gxf4 Qg4+ 21. Kh2 exf4 22.
Rg1 Qh5 23. Rg2 g5 24. Kh3 Bf6 25. Bc3 Qxf3+ 26. Kh2 Bxc3 27. bxc3 Qh5 28. Rh1
g4 29. Qd1 Rg7 30. Kg1 f3 31. Rg3 Ng6 32. Qd2 Ne5 33. Kf1 Re8 34. Qd4 Qf7 35.
Ke1 h5 36. Kd1 Qd7 37. Kd2 Qxa4 38. Rc1 Qxc4 39. Qxc4 Nxc4+ 40. Kd3 Ne5+ 41. Kd4
Ra8 42. Rgg1 Rf7 43. Ra1 Kh7 44. Ke3 Nc4+ 45. Kd4 Ne5 46. Ke3 Re8 47. Kd4 Nd7
48. c4 Nc5 49. Rae1 Rf4 50. Re3 Rfxe4+ 51. Rxe4 Rxe4+ 52. Kc3 Re2 53. Rf1 a4 54.
Kb4 Rb2+ 0-1

[Event "Titled Tue 20th May Late"]
[Site "chess.com INT"]
[Date "2025.05.20"]
[Round "3"]
[White "Velikanov, Alexander"]
[Black "Sampaoli, Cristian"]
[Result "1-0"]
[WhiteTitle "IM"]
[BlackTitle "CM"]
[WhiteElo "2372"]
[BlackElo "2211"]
[WhiteFideId "2039290"]
[BlackFideId "115800"]
[EventDate "2025.05.20"]

1. e4 c5 2. Nf3 e6 3. d4 cxd4 4. c3 d3 5. Bxd3 Nc6 6. c4 Nf6 7. Nc3 d6 8. O-O
Be7 9. h3 O-O 10. Re1 a6 11. Be3 e5 12. Bf1 Be6 13. Rc1 Rc8 14. Qd2 Kh8 15. Ng5
Qd7 16. Bd3 h6 17. Nf3 Kh7 18. Nd5 Nh5 19. Nb6 Qc7 20. Nxc8 Qxc8 21. b4 g5 22.
Nh2 Nf4 23. Bf1 Rg8 24. c5 dxc5 25. Bxc5 Rd8 26. Qb2 Bxc5 27. Rxc5 Qd7 28. b5
axb5 29. Bxb5 Qd6 30. Rcc1 Nd4 31. Bf1 Rg8 32. Qxb7 Qa3 33. Qc7 Qb2 34. Rb1 Qxa2
35. Qxe5 Nc2 36. Rec1 Rc8 37. Rb2 Qa4 38. Qb5 Qxe4 39. Ng4 Nd4 40. Nf6+ Kg7 41.
Nxe4 Rxc1 42. Qe5+ f6 43. Qxf6+ Kh7 44. Rb7+ Kg8 45. Qg7# 1-0

[Event "Titled Tue 20th May Late"]
[Site "chess.com INT"]
[Date "2025.05.20"]
[Round "3"]
[White "Montano Vicente, Guadalupe"]
[Black "Shton, Roman"]
[Result "0-1"]
[WhiteElo "1940"]
[BlackElo "2081"]
[WhiteFideId "5181399"]
[BlackFideId "14137461"]
[EventDate "2025.05.20"]

1. d4 Nf6 2. c4 e6 3. Nf3 d5 4. Nc3 Bb4 5. Bg5 dxc4 6. Qa4+ Nc6 7. e3 Bd7 8.
Bxc4 Nxd4 9. Qd1 Nxf3+ 10. Qxf3 Bc6 11. Qf4 h6 12. Bxf6 Qxf6 13. Qxf6 gxf6 14.
O-O Ke7 15. Rfd1 a6 16. Ne2 Rhg8 17. g3 Bf3 18. Rdc1 Rad8 19. Nd4 Be4 20. f3 Bh7
21. Kf2 e5 22. Nb3 Rd7 23. a3 Bd6 24. e4 f5 25. exf5 Bxf5 26. Re1 Kf6 27. Rac1
b5 28. Bf1 c5 29. Nxc5 Rc7 30. Ne4+ Bxe4 31. Rxc7 Bxc7 32. fxe4 Bb6+ 33. Kg2 Rd8
34. a4 Rd2+ 35. Re2 Rd1 36. Rc2 Bd4 37. axb5 axb5 38. Bxb5 Kg5 39. h3 f5 40.
exf5 Kxf5 41. Bd7+ Ke4 42. Be8 Rg1+ 43. Kh2 Rf1 44. Bg6+ Ke3 45. Kg2 Rf6 0-1